| 000 | 00681nam a2200265Ia 4500 | ||
|---|---|---|---|
| 003 | OSt | ||
| 005 | 20241218145242.0 | ||
| 008 | 241210s9999||||xx |||||||||||||| ||und|| | ||
| 020 | _a81812914310 | ||
| 040 | _cSTCPL | ||
| 041 | _aHIN | ||
| 082 |
_aH08 _bANI-M V.10 |
||
| 245 | 0 |
_aMahip singh rachnavali Vol.10 / _cedited by Anil Kumar _hमहीप सिंह रचनावली खंड 10 |
|
| 260 |
_aNew Delhi : _bNaman Prakasan , _c2007 . |
||
| 300 |
_a592 p. _bHB |
||
| 650 | _aHindi literature | ||
| 650 | _aPolitics | ||
| 650 | _aStudy | ||
| 700 | _aKumar, Anil (ed.) | ||
| 942 | _cBK | ||
| 942 | _2ddc | ||
| 942 | _2ddc | ||
| 942 | _2ddc | ||
| 942 | _2ddc | ||
| 999 |
_c83939 _d83939 |
||